God Defend New Zealand Lyrics Quiz Stats

 Plays Quiz not verified by Sporcle

Support Sporcle.
Go Orange.
Score 0/43 Timer 03:00
0 Plays Today
% Correct
God
98%
God
98%
God
98%
of
96.5%
of
96.5%
of
96.5%
the
95.5%
the
95.5%
in
94.1%
defend
94.1%
defend
94.1%
nations
92.6%
at
92.6%
and
92.6%
feet
91.6%
we
91.6%
we
91.6%
our
91.1%
our
91.1%
New
91.1%
thy
90.6%
love
90.6%
% Correct
Zealand
90.6%
land
89.1%
meet
88.1%
hear
87.6%
free
86.6%
bonds
86.1%
voices
86.1%
entreat
83.2%
star
82.7%
triple
82.2%
war
82.2%
strife
80.2%
from
79.7%
pacific's
75.7%
guard
75.2%
make
73.3%
afar
72.8%
heard
72.3%
her
71.8%
praises
68.8%
shafts
64.4%

You're not logged in!

Compare scores with friends on all Sporcle quizzes.
OR
Log In

From the Vault

Science Mugs

by timmylemoine1

We lost an electron the other day, you really have to keep an ion them.
Remove Ads.
Support Sporcle.
Get the best of Sporcle when you Go Orange. This ad-free experience offers more features, more stats, and more fun while also helping to support Sporcle. Thank you for becoming a member.

Show Comments

Extras

Created Jan 21, 2013ReportNominate
Tags:god, New Zealand, Zealand

Top Quizzes Today


Score Distribution

Your Account Isn't Verified!

In order to create a playlist on Sporcle, you need to verify the email address you used during registration. Go to your Sporcle Settings to finish the process.

Report this User

Report this user for behavior that violates our Community Guidelines.

Details: